000 01030cam a2200325Ia 4500
001 19226
003 BD-RjUL
005 20211209000413.0
008 140223t19571933nyu 000 0deng u
020 _a0836955986
035 _a(OCoLC)ocm00534615
035 _a(BD-RjUL)19284
035 _a(NNC)4627850
040 _cAKR
_dOCL
_dGZM
_dWTU
_dUKM
_dBD-RjUL
_aBD-RjUL
_beng
041 _aeng
082 0 4 _a811.9
_bGRD 1957
098 _aLQ1
100 1 _aGregory, Horace,
_d1898-1982.
_959159
245 1 0 _aD.H. Lawrence, pilgrim of the Apocalypse :
_ba critical study /
246 3 _aPilgrim of the Apocalypse
260 _aNew York :
_bGrove Press,
_cc1957
300 _axxii, 118 p. ;
_c21 cm.
490 1 _aEvergreen book ;
_vE-544
500 _aFirst published in 1933 under title: Pilgrim of the Apocalypse.
600 1 0 _aLawrence, D. H.
_q(David Herbert),
_d1885-1930
_xCriticism and interpretation.
_959165
830 0 _vE-544.
_959166
830 0 _aEvergreen book ;
_959167
942 _2ddc
_cBK
999 _c19226
_d19226